| 000 | 00873cam a2200253 a 4500 | ||
|---|---|---|---|
| 001 | 16224342 | ||
| 005 | 20130311160457.0 | ||
| 008 | 100510s2011 enka b 001 0 eng | ||
| 010 | _a 2010017477 | ||
| 020 | _a9780415397063 (hardback : alk. paper) | ||
| 020 | _a0415397065 (hardback : alk. paper) | ||
| 020 | _a9780203926895 (ebook) | ||
| 020 | _a0203926897 (ebook) | ||
| 082 | 0 | 0 |
_a338.47624 _222 _bMOD |
| 245 | 0 | 0 |
_aModern Construction Economics : _bTheory and Application / _cedited by Gerard de Valence. |
| 260 |
_aLondon ; _aNew York : _bSPON Press, _c2011. |
||
| 300 |
_axiv, 218 p. : _bill. ; _c24 cm. |
||
| 504 | _aIncludes bibliographical references and index. | ||
| 650 | 0 |
_aConstruction industry. _932803 |
|
| 650 | 0 |
_aConstruction industry _xManagement. _932804 |
|
| 653 |
_bArch _cMarch2013 |
||
| 700 | 1 |
_aDe Valence, Gerard. _932805 |
|
| 942 |
_2ddc _cBB |
||
| 999 |
_c17349 _d17321 |
||